| 000 | 00628nam a22001937a 4500 | ||
|---|---|---|---|
| 003 | 0 | ||
| 005 | 20250829094224.0 | ||
| 008 | 250829b xxu||||| |||| 00| 0 eng d | ||
| 020 | _a978-1-77956-279-1 | ||
| 050 |
_aHD 30.2 _b.S53 2025 |
||
| 100 |
_aSharma, Abhishek, _eauthor. |
||
| 245 |
_aKnowledge management / _cAbhishek Sharma. |
||
| 260 |
_aBurlington, ON : _bToronto Academic Press, _c2025. |
||
| 300 |
_axvi, 271 pages : _bcolored illustrations ; _c26 cm. |
||
| 504 | _aIncludes bibliographical references and index. | ||
| 650 | _aKnowledge management. | ||
| 650 | _aInformation resources management. | ||
| 942 |
_2lcc _cBK |
||
| 999 |
_c367675 _d367675 |
||